Obras completas / (Record no. 124443)
[ view plain ]
| 000 -LEADER | |
|---|---|
| fixed length control field | 00691cam a2200193 4500 |
| 008 - FIXED-LENGTH DATA ELEMENTS--GENERAL INFORMATION | |
| fixed length control field | 1951 spa |
| 050 #4 - LIBRARY OF CONGRESS CALL NUMBER | |
| Classification number | PQ7296 |
| Item number | .J6 C78 1951 |
| 100 1# - MAIN ENTRY--PERSONAL NAME | |
| Personal name | Cruz, Juana Inés de la, Sor 1651-1695 |
| 245 #0 - TITLE STATEMENT | |
| Title | Obras completas / |
| Statement of responsibility, etc | de Sor Juana Inés de la Cruz ; ed., prol. y notas de Alfonso Méndez Plancarte. |
| 260 ## - PUBLICATION, DISTRIBUTION, ETC. (IMPRINT) | |
| Place of publication, distribution, etc | México : |
| Name of publisher, distributor, etc | Fondo de Cultura Economica, |
| Date of publication, distribution, etc | 1951 |
| 300 ## - PHYSICAL DESCRIPTION | |
| Extent | 4 v. ; |
| Dimensions | 22 cm. |
| 440 #0 - SERIES STATEMENT/ADDED ENTRY--TITLE | |
| Title | Biblioteca Americana, Literatura Colonial |
| 500 ## - GENERAL NOTE | |
| General note | 1 juego del V.1, 2, 3 y 4 |
| 650 #4 - SUBJECT ADDED ENTRY--TOPICAL TERM | |
| Topical term or geographic name as entry element | Literatura Mexicana |
| General subdivision | Lirismo |
| -- | Siglo XVII |
| 700 1# - ADDED ENTRY--PERSONAL NAME | |
| Personal name | Mendez Plancarte, Alfonso, |
| Relator term | ed. |
| 942 ## - ADDED ENTRY ELEMENTS (KOHA) | |
| Source of classification or shelving scheme | Biblioteca del Cogreso de los Estados Unidos |
| Koha item type | |
| Estado de pérdida | Fuente de clasificación | Estado del daño | No para préstamo | Ubicación permanente | Ubicación actual | Apartado o colección | Fecha de adquisición | Edición | Dependencia de educación superior (DES) | Área del conocimiento | Clasificación | Código de Barras | Date last seen | Número de copia | Tipo de recurso |
|---|---|---|---|---|---|---|---|---|---|---|---|---|---|---|---|
| Biblioteca del Cogreso de los Estados Unidos | Biblioteca de la Facultad de Filosofía | Biblioteca de la Facultad de Filosofía | General | 23/01/2017 | 1a. ed. | Humanidades | Educación y Humanidades | PQ7296.J6 C78 1951 | BFF000022354 | 23/01/2017 | c.1 T.I | Libro | |||
| Biblioteca del Cogreso de los Estados Unidos | Biblioteca de la Facultad de Filosofía | Biblioteca de la Facultad de Filosofía | General | 23/01/2017 | 1a. ed. | Humanidades | Educación y Humanidades | PQ7296.J6 C78 1952 | BFF000022355 | 23/01/2017 | c.1 T.II | Libro | |||
| Biblioteca del Cogreso de los Estados Unidos | Biblioteca de la Facultad de Filosofía | Biblioteca de la Facultad de Filosofía | General | 23/01/2017 | 1a. ed. | Humanidades | Educación y Humanidades | PQ7296.J6 C78 1955 | BFF000022356 | 23/01/2017 | c.1 T.III | Libro | |||
| Biblioteca del Cogreso de los Estados Unidos | Biblioteca de la Facultad de Filosofía | Biblioteca de la Facultad de Filosofía | General | 23/01/2017 | 1a. ed. | Humanidades | Educación y Humanidades | PQ7296.J6 C78 1957 | BFF000022357 | 23/01/2017 | c.1 T.IV | Libro |